| 000 | 00487nam a2200181Ia 4500 | ||
|---|---|---|---|
| 005 | 20250508154719.0 | ||
| 008 | 008 250505s9999 xx 000 0 eng d | ||
| 037 | _aTextual | ||
| 040 |
_aFEDL _beng _cFEDL |
||
| 041 |
_aeng _2eng |
||
| 084 |
_a371.92, HOW _qFEDL |
||
| 100 |
_aHowitt Lillian C _9765914 |
||
| 245 | 0 | _aCreative techniques for teaching the slow learner | |
| 260 | _c1964 | ||
| 300 | _a64p. | ||
| 942 |
_cTEXL _h371.92, HOW |
||
| 999 |
_c1351746 _d1351746 |
||